000 00548nam a2200181 a 4500
005 20140412111259.0
008 030415s19uu xx 00 eng d
020 _a981-209-342-7
050 _aTR(PS E
_bCo83 1996
245 _aCourtesy.
260 _aSingapore :
_bEarly Childhood Education,
_c1996.
300 _a1 v. (unp.) ; ill.
520 _aShowing good manner and right conduct.
650 _aBehavior
_xJuvenile literature
650 _aResponsibility
_xJuvenile literature
650 _aManners
_xJuvenile literature
999 _c103284
_d103284